Instalacion y pruebas sistemas gobernador Woodward amplificador hidraulico

שמור ב:
מידע ביבליוגרפי
מחבר ראשי: Gomez, Rafael A
פורמט: Tesis ספר
שפה:Undetermined
יצא לאור: 1983
נושאים:
תגים: הוספת תג
אין תגיות, היה/י הראשונ/ה לתייג את הרשומה!

MARC

LEADER 00000nam a2200000Ia 4500
001 2212
008 140114s9999 xx 000 0 und d
100 |a Gomez, Rafael A 
245 |a Instalacion y pruebas sistemas gobernador Woodward amplificador hidraulico 
260 |c 1983 
500 |a NULL 
502 |a Escuela de ingenieria Mecanica 
650 |z SISTEMA GOBERNADOR WOODWARD 
999 |c 11544  |d 11544